The Walking Dead Main Characters - Statistics

General Stats
  • This quiz has been taken 116 times
  • The average score is 27 of 54
Answer Stats
Seasons Actor/Actress Character % Correct
1-9 Andrew Lincoln Rick
100%
2-11 Norman Reedus Daryl
93%
3-11 Lauren Cohan Maggie
93%
1-8 Chandler Riggs Carl
92%
1-7 Steven Yeun Glenn
92%
1-2 Jon Bernthal Shane
92%
2-11 Melissa McBride Carol
88%
1-3 Sarah Wayne Callies Lori
87%
3-10 Danai Gurira Michonne
83%
7-11 Jeffrey Dean Morgan Negan
81%
1-3 Laurie Holden Andrea
80%
3-4 Scott Wilson Hershel
73%
5-7 Michael Cudlitz Abraham
71%
4-5 Emily Kinney Beth
71%
5-11 Christian Serratos Rosita
69%
1-2 Jeffrey DeMunn Dale
67%
4-7 Sonequa Martin-Green Sasha
67%
5-11 Josh McDermitt Eugene
66%
3 Michael Rooker Merle
66%
3-4 David Morrissey The Governor
63%
6-8 Lennie James Morgan
59%
7-9 Tom Payne Jesus
58%
4-5 Chad L. Coleman Tyreese
55%
5-11 Seth Gilliam Gabriel
52%
5-9 Alanna Masterson Tara
52%
9-10 Samantha Morton Alpha
50%
10 Ryan Hurst Beta
49%
4-5 Lawrence Gilliard Jr. Bob
48%
8-11 Khary Payton Ezekiel
47%
6-11 Ross Marquand Aaron
45%
10-11 Cailey Fleming Judith
44%
8 Steven Ogg Simon
43%
8-9 Katelyn Nacon Enid
41%
7-8 Austin Amelio Dwight
40%
10-11 Cassady McClincy Lydia
33%
10-11 Lauren Ridloff Connie
29%
10-11 Nadia Hilker Magna
29%
8-9 Pollyanna McIntosh Jadis
28%
9-10 Avi Nash Siddiq
27%
10-11 Eleanor Matsuura Yumiko
27%
10-11 Cooper Andrews Jerry
26%
6-7 Austin Nichols Spencer
26%
6 Tovah Feldshuh Deanna
24%
5 Andrew J. West Gareth
24%
7-9 Xander Berkeley Gregory
22%
6 Alexandra Breckenridge Jessie
22%
9-11 Callan McAuliffe Alden
21%
11 Angel Theory Kelly
17%
11 Laila Robins Pamela
14%
11 Paola Lázaro Juanita
12%
11 Lynn Collins Leah
12%
11 Michael James Shaw Michael
12%
11 Margot Bingham Maxxine
7%
11 Josh Hamilton Lance
6%
No matching quizzes found
Score Distribution
Percent of People with Each Score
Percentile by Number Answered
Your Score History
You have not taken this quiz